000 00274nam a2200097Ia 4500
082 _a241.4|BEVE
245 0 _aThe bait of satan
100 _a BEVERE, John Lake Mary, Florida, 2004 10th anniv. ed.
_953232
942 _cBK
008 210817s9999 xx 000 0 und d
999 _c169032
_d169032